<?xml version="1.0" encoding="UTF-8"?>
<record
    xmlns:xsi="http://www.w3.org/2001/XMLSchema-instance"
    xsi:schemaLocation="http://www.loc.gov/MARC21/slim http://www.loc.gov/standards/marcxml/schema/MARC21slim.xsd"
    xmlns="http://www.loc.gov/MARC21/slim">

  <leader>00629nam a22002057a 4500</leader>
  <datafield tag="999" ind1=" " ind2=" ">
    <subfield code="c">7158</subfield>
    <subfield code="d">7158</subfield>
  </datafield>
  <controlfield tag="003">OSt</controlfield>
  <controlfield tag="005">20201125113723.0</controlfield>
  <controlfield tag="008">201125b           ||||| |||| 00| 0 eng d</controlfield>
  <datafield tag="020" ind1=" " ind2=" ">
    <subfield code="a">1-471-96362-3</subfield>
  </datafield>
  <datafield tag="040" ind1=" " ind2=" ">
    <subfield code="a">DDC</subfield>
    <subfield code="b">English</subfield>
    <subfield code="c">DDC</subfield>
    <subfield code="d">TSSD</subfield>
  </datafield>
  <datafield tag="082" ind1=" " ind2=" ">
    <subfield code="a">614.4323 OLF</subfield>
  </datafield>
  <datafield tag="245" ind1=" " ind2=" ">
    <subfield code="a">Olfaction in mosquito-host interactions/</subfield>
    <subfield code="c">(edited by) Bock R. gregory, Gail Cardew</subfield>
  </datafield>
  <datafield tag="260" ind1=" " ind2=" ">
    <subfield code="a">Chchester:</subfield>
    <subfield code="b">John Wiley &amp; sons,</subfield>
    <subfield code="c">c1996</subfield>
  </datafield>
  <datafield tag="300" ind1=" " ind2=" ">
    <subfield code="a">x,331p. :</subfield>
    <subfield code="b">ills.;</subfield>
    <subfield code="c">19cm</subfield>
  </datafield>
  <datafield tag="504" ind1=" " ind2=" ">
    <subfield code="a">Include bibliographical references and indexes</subfield>
  </datafield>
  <datafield tag="650" ind1=" " ind2=" ">
    <subfield code="v">Mosquito control</subfield>
  </datafield>
  <datafield tag="700" ind1=" " ind2=" ">
    <subfield code="q"> Gregory, Bock R.</subfield>
  </datafield>
  <datafield tag="720" ind1=" " ind2=" ">
    <subfield code="a">Cardew, Gail </subfield>
  </datafield>
  <datafield tag="942" ind1=" " ind2=" ">
    <subfield code="2">ddc</subfield>
    <subfield code="c">BOOK</subfield>
  </datafield>
  <datafield tag="952" ind1=" " ind2=" ">
    <subfield code="0">0</subfield>
    <subfield code="1">0</subfield>
    <subfield code="2">ddc</subfield>
    <subfield code="4">0</subfield>
    <subfield code="7">0</subfield>
    <subfield code="a">GU-MLW</subfield>
    <subfield code="b">GU-MLW</subfield>
    <subfield code="c">GEN</subfield>
    <subfield code="d">2020-11-25</subfield>
    <subfield code="e">UNSW</subfield>
    <subfield code="i">0037839</subfield>
    <subfield code="l">0</subfield>
    <subfield code="o">614.4323 OLF</subfield>
    <subfield code="p">GU-MLW20110431</subfield>
    <subfield code="r">2020-11-25 00:00:00</subfield>
    <subfield code="w">2020-11-25</subfield>
    <subfield code="y">BOOK</subfield>
  </datafield>
</record>
